[Event "VI Sunway Sitges Open 2019"]
[Site "Sitges"]
[Date "2019.12.17"]
[Round "5.39"]
[White "Sadzikowski, Daniel"]
[Black "O`Donnell, Conor"]
[Result "1-0"]
[WhiteElo "2504"]
[BlackElo "2312"]
[Annotator "ChessBase"]
[PlyCount "105"]
[EventDate "2019.12.13"]
[EventType "swiss"]
[EventCountry "ESP"]
[SourceTitle "playchess.com"]
[Source "ChessBase"]
[SourceQuality "1"]
[TimeControl "40/5400+30:1800+30"]

1. c4 {[%emt 0:00:00]} e6 {[%emt 0:00:00]} 2. g3 {[%emt 0:00:00]} d5 {[%emt 0:00:26]} 3. Bg2 {[%emt 0:00:00]} dxc4 {[%emt 0:00:46]} 4. Qa4+ {[%emt 0:00:00]} Nd7 {[%emt 0:00:14]} 5. Qxc4 {[%emt 0:00:31]} a6 {[%emt 0:07:00]} 6. Qc2 {[%emt 0:01:20]} Ngf6 {[%emt 0:04:07]} 7. Nc3 {[%emt 0:00:04]} Be7 {[%emt 0:04:16]} 8. Nf3 {[%emt 0:00:58]} O-O {[%emt 0:00:15]} 9. O-O {[%emt 0:03:36]} Rb8 {[%emt 0:02:48]} 10. d4 {[%emt 0:02:40]} b5 {[%emt 0:04:13]} 11. Ne5 {[%emt 0:03:27]} Nxe5 {[%emt 0:01:31]} 12. dxe5 {[%emt 0:00:03]} Nd7 {[%emt 0:00:56]} 13. Rd1 {[%emt 0:01:45]} c5 {[%emt 0:05:20]} 14. Ne4 {[%emt 0:02:46]} Bb7 {[%emt 0:05:32]} 15. Bf4 {[%emt 0:07:36]} Bd5 {[%emt 0:07:52]} 16. Nf6+ {[%emt 0:06:35]} gxf6 {[%emt 0:06:56]} 17. exf6 {[%emt 0:00:07]} Nxf6 {[%emt 0:01:32]} 18. e4 {[%emt 0:00:45]} Rb6 {[%emt 0:07:27]} 19. exd5 {[%emt 0:09:39]} Nxd5 {[%emt 0:03:25]} 20. Rd2 {[%emt 0:08:04]} Bg5 {[%emt 0:05:31]} 21. Bxg5 {[%emt 0:02:37]} Qxg5 {[%emt 0:00:04]} 22. Bxd5 {[%emt 0:00:06]} exd5 {[%emt 0:00:24]} 23. h4 {[%emt 0:00:26]} Qe7 {[%emt 0:03:01]} 24. Rxd5 {[%emt 0:00:14]} c4 {[%emt 0:01:06]} 25. Rad1 {[%emt 0:02:39]} Re6 {[%emt 0:02:00]} 26. a4 {[%emt 0:05:20]} Re5 {[%emt 0:07:37]} 27. axb5 {[%emt 0:05:58]} axb5 {[%emt 0:00:27]} 28. Qc3 {[%emt 0:12:24]} Re8 {[%emt 0:02:33]} 29. R1d4 {[%emt 0:00:36]} Qe6 {[%emt 0:08:25]} 30. Rd8 {[%emt 0:07:19]} h5 {[%emt 0:04:56]} 31. Qd2 {[%emt 0:07:14]} Re1+ {[%emt 0:04:17]} 32. Kh2 {[%emt 0:00:22]} Rxd8 {[%emt 0:00:30]} 33. Qg5+ {[%emt 0:02:50]} Qg6 {[%emt 0:00:03]} 34. Rxd8+ {[%emt 0:02:07]} Kg7 {[%emt 0:00:13]} 35. Qc5 {[%emt 0:04:41]} Kh7 {[%emt 0:01:15]} 36. Rd5 {[%emt 0:00:57]} Kh6 {[%emt 0:00:29]} 37. Qf8+ {[%emt 0:00:41]} Kh7 {[%emt 0:00:15]} 38. Qc5 {[%emt 0:00:57]} Qf6 {[%emt 0:00:43]} 39. Rxh5+ {[%emt 0:00:17]} Kg7 {[%emt 0:00:18]} 40. Rg5+ {[%emt 0:00:00]} Kh7 {[%emt 0:00:00]} 41. Rf5 {[%emt 0:03:39]} Qe6 {[%emt 0:04:08]} 42. Rh5+ {[%emt 0:00:27]} Kg7 {[%emt 0:00:55]} 43. Qg5+ {[%emt 0:00:16]} Qg6 {[%emt 0:00:08]} 44. Qxb5 {[%emt 0:00:15]} Qe4 {[%emt 0:01:07]} 45. Qg5+ {[%emt 0:00:45]} Qg6 {[%emt 0:00:10]} 46. Qc5 {[%emt 0:01:23]} Qe4 {[%emt 0:00:37]} 47. Rg5+ {[%emt 0:03:32]} Kh7 {[%emt 0:00:33]} 48. Qf5+ {[%emt 0:00:05]} Qxf5 {[%emt 0:00:08]} 49. Rxf5 {[%emt 0:00:03]} Kg6 {[%emt 0:00:10]} 50. Rc5 {[%emt 0:00:45]} Re2 {[%emt 0:00:41]} 51. Kg2 {[%emt 0:00:06]} Rxb2 {[%emt 0:00:25]} 52. Rxc4 {[%emt 0:00:05]} f6 {[%emt 0:00:49]} 53. g4 {[%emt 0:01:49]} 1-0

[Event "VI Sunway Sitges Open 2019"]
[Site "Sitges"]
[Date "2019.12.17"]
[Round "5.40"]
[White "Sarkar, Justin"]
[Black "Lobanov, Sergei"]
[Result "1/2-1/2"]
[WhiteElo "2360"]
[BlackElo "2504"]
[Annotator "ChessBase"]
[PlyCount "91"]
[EventDate "2019.12.13"]
[EventType "swiss"]
[EventCountry "ESP"]
[SourceTitle "playchess.com"]
[Source "ChessBase"]
[SourceQuality "1"]
[TimeControl "40/5400+30:1800+30"]

1. d4 {[%emt 0:00:00]} Nf6 {[%emt 0:11:31]} 2. c4 {[%emt 0:00:00]} g6 {[%emt 0:00:04]} 3. Nc3 {[%emt 0:00:26]} d5 {[%emt 0:00:05]} 4. Nf3 {[%emt 0:09:15]} Bg7 {[%emt 0:00:07]} 5. Qa4+ {[%emt 0:14:01]} c6 {[%emt 0:04:49]} 6. cxd5 {[%emt 0:00:17]} Nxd5 {[%emt 0:00:04]} 7. e4 {[%emt 0:00:27]} Nb6 {[%emt 0:02:00]} 8. Qc2 {[%emt 0:10:16]} Bg4 {[%emt 0:02:51]} 9. Ne5 {[%emt 0:00:48]} Be6 {[%emt 0:00:59]} 10. Be3 {[%emt 0:00:33]} O-O {[%emt 0:00:10]} 11. Rd1 {[%emt 0:19:08]} N8d7 {[%emt 0:04:18]} 12. Nf3 {[%emt 0:00:41]} Qc7 {[%emt 0:13:18]} 13. Be2 {[%emt 0:02:56]} Bc4 {[%emt 0:06:52]} 14. O-O {[%emt 0:01:41]} Rac8 {[%emt 0:00:02]} 15. e5 {[%emt 0:16:08]} Bxe2 {[%emt 0:04:09]} 16. Qxe2 {[%emt 0:00:19]} Nd5 {[%emt 0:00:32]} 17. Nxd5 {[%emt 0:03:26]} cxd5 {[%emt 0:04:12]} 18. Rc1 {[%emt 0:00:03]} Qb6 {[%emt 0:02:04]} 19. h4 {[%emt 0:00:54]} h5 {[%emt 0:05:09]} 20. Ng5 {[%emt 0:03:08]} Rxc1 {[%emt 0:07:28]} 21. Rxc1 {[%emt 0:00:11]} Nb8 {[%emt 0:01:42]} 22. g4 {[%emt 0:11:30]} f6 {[%emt 0:04:15]} 23. exf6 {[%emt 0:00:08]} exf6 {[%emt 0:00:03]} 24. Nh3 {[%emt 0:00:09]} Qe6 {[%emt 0:11:57]} 25. Nf4 {[%emt 0:00:07]} Qxg4+ {[%emt 0:00:04]} 26. Qxg4 {[%emt 0:00:03]} hxg4 {[%emt 0:00:01]} 27. Ne6 {[%emt 0:01:00]} Re8 {[%emt 0:00:13]} 28. Nxg7 {[%emt 0:00:07]} Kxg7 {[%emt 0:00:01]} 29. Rc7+ {[%emt 0:00:07]} Kg8 {[%emt 0:00:01]} 30. Rxb7 {[%emt 0:00:08]} Nc6 {[%emt 0:00:02]} 31. Rc7 {[%emt 0:02:15]} Re6 {[%emt 0:00:22]} 32. Rd7 {[%emt 0:00:38]} Re4 {[%emt 0:04:03]} 33. Rxd5 {[%emt 0:00:56]} Kf7 {[%emt 0:00:02]} 34. h5 {[%emt 0:03:14]} gxh5 {[%emt 0:04:29]} 35. Rxh5 {[%emt 0:00:12]} Kg6 {[%emt 0:00:01]} 36. Rd5 {[%emt 0:00:44]} Nb4 {[%emt 0:01:49]} 37. Rc5 {[%emt 0:01:29]} Nxa2 {[%emt 0:00:09]} 38. d5 {[%emt 0:00:12]} Kf5 {[%emt 0:03:01]} 39. Rc7 {[%emt 0:01:21]} Ke5 {[%emt 0:00:52]} 40. Rxa7 {[%emt 0:00:00]} Nb4 {[%emt 0:00:00]} 41. Re7+ {[%emt 0:06:01]} Kxd5 {[%emt 0:00:35]} 42. Rxe4 {[%emt 0:00:17]} Kxe4 {[%emt 0:00:02]} 43. Bc5 {[%emt 0:00:09]} Nd3 {[%emt 0:00:31]} 44. b4 {[%emt 0:00:14]} Kf3 {[%emt 0:00:21]} 45. Bd4 {[%emt 0:02:33]} Nxb4 {[%emt 0:01:57]} 46. Bxf6 {[%emt 0:00:04]} 1/2-1/2

[Event "VI Sunway Sitges Open 2019"]
[Site "Sitges"]
[Date "2019.12.17"]
[Round "5.41"]
[White "Rafiee, Makan"]
[Black "Iniyan, P."]
[Result "1/2-1/2"]
[WhiteElo "2335"]
[BlackElo "2497"]
[Annotator "ChessBase"]
[PlyCount "61"]
[EventDate "2019.12.13"]
[EventType "swiss"]
[EventCountry "ESP"]
[SourceTitle "playchess.com"]
[Source "ChessBase"]
[SourceQuality "1"]
[TimeControl "40/5400+30:1800+30"]

1. e4 {[%emt 0:00:00]} c5 {[%emt 0:00:00]} 2. Nf3 {[%emt 0:00:00]} d6 {[%emt 0:00:00]} 3. d4 {[%emt 0:00:00]} cxd4 {[%emt 0:00:00]} 4. Nxd4 {[%emt 0:00:00]} Nf6 {[%emt 0:00:01]} 5. Nc3 {[%emt 0:00:00]} e6 {[%emt 0:00:05]} 6. g4 {[%emt 0:04:32]} h6 {[%emt 0:00:08]} 7. Rg1 {[%emt 0:02:14]} Nc6 {[%emt 0:00:45]} 8. Be3 {[%emt 0:01:09]} Be7 {[%emt 0:02:05]} 9. f3 {[%emt 0:07:07]} a6 {[%emt 0:01:32]} 10. Qd2 {[%emt 0:00:16]} Nd7 {[%emt 0:16:20]} 11. O-O-O {[%emt 0:04:08]} Na5 {[%emt 0:00:07]} 12. Kb1 {[%emt 0:36:27]} Ne5 {[%emt 0:04:04]} 13. Qf2 {[%emt 0:02:02]} Nec4 {[%emt 0:02:53]} 14. Bc1 {[%emt 0:01:08]} Qb6 {[%emt 0:00:56]} 15. Rg2 {[%emt 0:00:52]} Bf6 {[%emt 0:01:23]} 16. Nb3 {[%emt 0:05:10]} Qc7 {[%emt 0:04:58]} 17. Nxa5 {[%emt 0:01:39]} Nxa5 {[%emt 0:00:15]} 18. Bf4 {[%emt 0:01:08]} Be5 {[%emt 0:02:04]} 19. Bxe5 {[%emt 0:00:17]} dxe5 {[%emt 0:00:07]} 20. Na4 {[%emt 0:03:47]} b5 {[%emt 0:01:13]} 21. Qc5 {[%emt 0:02:03]} Ra7 {[%emt 0:09:08]} 22. Rgd2 {[%emt 0:00:47]} Qxc5 {[%emt 0:06:52]} 23. Nxc5 {[%emt 0:01:09]} Nc6 {[%emt 0:00:06]} 24. c3 {[%emt 0:02:13]} Ke7 {[%emt 0:00:16]} 25. b4 {[%emt 0:00:48]} Nb8 {[%emt 0:07:46]} 26. Rd6 {[%emt 0:03:35]} Rc7 {[%emt 0:02:17]} 27. Kb2 {[%emt 0:01:53]} Nc6 {[%emt 0:02:43]} 28. R6d2 {[%emt 0:00:12]} Nb8 {[%emt 0:00:09]} 29. Rd6 {[%emt 0:04:21]} Nc6 {[%emt 0:00:01]} 30. R6d2 {[%emt 0:00:19]} Nb8 {[%emt 0:00:02]} 31. Rd6 {[%emt 0:03:01]} 1/2-1/2

[Event "VI Sunway Sitges Open 2019"]
[Site "Sitges"]
[Date "2019.12.17"]
[Round "5.42"]
[White "Divya Deshmukh"]
[Black "Zanan, Evgeny"]
[Result "0-1"]
[WhiteElo "2332"]
[BlackElo "2493"]
[Annotator "ChessBase"]
[PlyCount "74"]
[EventDate "2019.12.13"]
[EventType "swiss"]
[EventCountry "ESP"]
[SourceTitle "playchess.com"]
[Source "ChessBase"]
[SourceQuality "1"]
[TimeControl "40/5400+30:1800+30"]

1. e4 {[%emt 0:00:00]} e5 {[%emt 0:12:53]} 2. Nf3 {[%emt 0:00:00]} Nc6 {[%emt 0:00:03]} 3. Bb5 {[%emt 0:00:00]} g6 {[%emt 0:00:05]} 4. c3 {[%emt 0:00:00]} a6 {[%emt 0:01:06]} 5. Ba4 {[%emt 0:00:00]} Bg7 {[%emt 0:00:26]} 6. d4 {[%emt 0:00:13]} exd4 {[%emt 0:00:04]} 7. cxd4 {[%emt 0:00:16]} b5 {[%emt 0:00:07]} 8. Bc2 {[%emt 0:00:18]} d6 {[%emt 0:00:10]} 9. h3 {[%emt 0:00:23]} Nge7 {[%emt 0:00:11]} 10. O-O {[%emt 0:00:17]} O-O {[%emt 0:00:13]} 11. a4 {[%emt 0:11:01]} Bb7 {[%emt 0:03:08]} 12. Nc3 {[%emt 0:03:43]} b4 {[%emt 0:08:11]} 13. Ne2 {[%emt 0:00:24]} Na5 {[%emt 0:00:09]} 14. b3 {[%emt 0:09:44]} Qd7 {[%emt 0:15:22]} 15. Ng3 {[%emt 0:10:48]} c5 {[%emt 0:05:08]} 16. Bf4 {[%emt 0:05:29]} cxd4 {[%emt 0:07:47]} 17. Nxd4 {[%emt 0:06:03]} d5 {[%emt 0:00:39]} 18. e5 {[%emt 0:07:48]} Nac6 {[%emt 0:08:14]} 19. Re1 {[%emt 0:07:15]} Nxd4 {[%emt 0:03:50]} 20. Qxd4 {[%emt 0:00:10]} Nc6 {[%emt 0:00:03]} 21. Qd3 {[%emt 0:07:41]} Rfe8 {[%emt 0:05:35]} 22. Nh5 {[%emt 0:02:32]} Bh8 {[%emt 0:01:08]} 23. Nf6+ {[%emt 0:17:44]} Bxf6 {[%emt 0:01:01]} 24. exf6 {[%emt 0:00:00]} Re6 {[%emt 0:00:32]} 25. Bg5 {[%emt 0:00:58]} Rae8 {[%emt 0:00:54]} 26. Red1 {[%emt 0:02:37]} d4 {[%emt 0:02:30]} 27. Qg3 {[%emt 0:01:20]} Qd5 {[%emt 0:08:58]} 28. Rac1 {[%emt 0:01:40]} Ne5 {[%emt 0:05:16]} 29. Rd2 {[%emt 0:00:52]} Rc6 {[%emt 0:01:49]} 30. f4 {[%emt 0:04:33]} Rc3 {[%emt 0:02:43]} 31. Qf2 {[%emt 0:00:08]} Nf3+ {[%emt 0:01:52]} 32. gxf3 {[%emt 0:00:04]} Rxf3 {[%emt 0:00:03]} 33. Re1 {[%emt 0:01:52]} Rxe1+ {[%emt 0:02:10]} 34. Qxe1 {[%emt 0:00:05]} Re3 {[%emt 0:00:02]} 35. Qxe3 {[%emt 0:00:37]} Qh1+ {[%emt 0:00:04]} 36. Kf2 {[%emt 0:00:01]} dxe3+ {[%emt 0:00:14]} 37. Kxe3 {[%emt 0:00:01]} Qf3+ {[%emt 0:00:06]} 0-1

[Event "VI Sunway Sitges Open 2019"]
[Site "Sitges"]
[Date "2019.12.17"]
[Round "5.43"]
[White "Garriga Cazorla, Pere"]
[Black "Samant Aditya S"]
[Result "1-0"]
[WhiteElo "2484"]
[BlackElo "2309"]
[Annotator "ChessBase"]
[PlyCount "73"]
[EventDate "2019.12.13"]
[EventType "swiss"]
[EventCountry "ESP"]
[SourceTitle "playchess.com"]
[Source "ChessBase"]
[SourceQuality "1"]
[TimeControl "40/5400+30:1800+30"]

1. Nf3 {[%emt 0:00:04]} Nf6 {[%emt 0:00:09]} 2. g3 {[%emt 0:01:10]} d5 {[%emt 0:02:17]} 3. c4 {[%emt 0:03:10]} e6 {[%emt 0:00:31]} 4. Bg2 {[%emt 0:01:04]} c6 {[%emt 0:03:51]} 5. b3 {[%emt 0:02:32]} Bd6 {[%emt 0:01:10]} 6. O-O {[%emt 0:02:00]} O-O {[%emt 0:00:22]} 7. d4 {[%emt 0:01:19]} Nbd7 {[%emt 0:03:52]} 8. Nc3 {[%emt 0:01:09]} b6 {[%emt 0:03:38]} 9. Qc2 {[%emt 0:01:34]} Bb7 {[%emt 0:00:33]} 10. Rd1 {[%emt 0:02:46]} Qe7 {[%emt 0:08:11]} 11. Bb2 {[%emt 0:01:06]} Rac8 {[%emt 0:03:49]} 12. e4 {[%emt 0:04:52]} Nxe4 {[%emt 0:02:53]} 13. Nxe4 {[%emt 0:00:23]} dxe4 {[%emt 0:00:08]} 14. Qxe4 {[%emt 0:00:24]} Rfe8 {[%emt 0:15:32]} 15. h4 {[%emt 0:12:19]} Ba3 {[%emt 0:03:03]} 16. Bxa3 {[%emt 0:14:09]} Qxa3 {[%emt 0:00:07]} 17. Rd2 {[%emt 0:02:27]} Nf6 {[%emt 0:02:18]} 18. Qf4 {[%emt 0:02:18]} c5 {[%emt 0:02:56]} 19. Ne5 {[%emt 0:00:27]} Bxg2 {[%emt 0:01:15]} 20. Kxg2 {[%emt 0:00:02]} cxd4 {[%emt 0:07:26]} 21. Rxd4 {[%emt 0:00:17]} Qc5 {[%emt 0:11:06]} 22. Rad1 {[%emt 0:04:22]} Qe7 {[%emt 0:04:58]} 23. g4 {[%emt 0:03:12]} h6 {[%emt 0:08:31]} 24. f3 {[%emt 0:08:17]} Rf8 {[%emt 0:01:39]} 25. g5 {[%emt 0:03:21]} Nh5 {[%emt 0:04:50]} 26. Qg4 {[%emt 0:00:37]} g6 {[%emt 0:00:31]} 27. Rd7 {[%emt 0:03:41]} Qc5 {[%emt 0:02:48]} 28. Qe4 {[%emt 0:00:05]} hxg5 {[%emt 0:05:24]} 29. hxg5 {[%emt 0:02:22]} Ng7 {[%emt 0:00:32]} 30. b4 {[%emt 0:04:57]} Qxb4 {[%emt 0:00:25]} 31. Ng4 {[%emt 0:00:04]} Nh5 {[%emt 0:00:42]} 32. Nh6+ {[%emt 0:00:33]} Kh7 {[%emt 0:00:27]} 33. Nxf7 {[%emt 0:01:25]} Qb2+ {[%emt 0:00:09]} 34. Kg1 {[%emt 0:00:08]} Ng7 {[%emt 0:00:51]} 35. Ne5 {[%emt 0:01:25]} Kg8 {[%emt 0:00:34]} 36. Rxg7+ {[%emt 0:00:10]} Kxg7 {[%emt 0:00:06]} 37. Rd7+ {[%emt 0:00:04]} 1-0

[Event "VI Sunway Sitges Open 2019"]
[Site "Sitges"]
[Date "2019.12.17"]
[Round "5.44"]
[White "Zadruzny, Nicolaj"]
[Black "Pogonina, Natalija"]
[Result "1-0"]
[WhiteElo "2308"]
[BlackElo "2479"]
[Annotator "ChessBase"]
[PlyCount "61"]
[EventDate "2019.12.13"]
[EventType "swiss"]
[EventCountry "ESP"]
[SourceTitle "playchess.com"]
[Source "ChessBase"]
[SourceQuality "1"]
[TimeControl "40/5400+30:1800+30"]

1. d4 {[%emt 0:00:00]} Nf6 {[%emt 0:00:25]} 2. Nf3 {[%emt 0:00:00]} e6 {[%emt 0:00:29]} 3. g3 {[%emt 0:00:05]} b5 {[%emt 0:04:39]} 4. Bg2 {[%emt 0:00:07]} Bb7 {[%emt 0:00:03]} 5. O-O {[%emt 0:00:34]} Be7 {[%emt 0:01:47]} 6. Bg5 {[%emt 0:01:53]} O-O {[%emt 0:03:40]} 7. Qd3 {[%emt 0:00:52]} a6 {[%emt 0:21:01]} 8. a4 {[%emt 0:03:06]} b4 {[%emt 0:05:31]} 9. c4 {[%emt 0:00:21]} bxc3 {[%emt 0:02:09]} 10. bxc3 {[%emt 0:01:14]} d5 {[%emt 0:03:09]} 11. Nbd2 {[%emt 0:03:03]} a5 {[%emt 0:01:01]} 12. Qc2 {[%emt 0:11:52]} h6 {[%emt 0:06:21]} 13. Bxf6 {[%emt 0:02:09]} Bxf6 {[%emt 0:00:04]} 14. e4 {[%emt 0:08:59]} Nd7 {[%emt 0:00:48]} 15. c4 {[%emt 0:02:22]} c5 {[%emt 0:06:46]} 16. Rab1 {[%emt 0:12:06]} Ba6 {[%emt 0:09:32]} 17. e5 {[%emt 0:24:46]} Be7 {[%emt 0:00:26]} 18. Rfe1 {[%emt 0:00:39]} dxc4 {[%emt 0:09:20]} 19. dxc5 {[%emt 0:00:42]} Rc8 {[%emt 0:01:32]} 20. c6 {[%emt 0:00:29]} Nb6 {[%emt 0:06:06]} 21. Red1 {[%emt 0:00:12]} Qc7 {[%emt 0:02:21]} 22. Nd4 {[%emt 0:00:38]} Bb4 {[%emt 0:00:40]} 23. f4 {[%emt 0:06:51]} Nd5 {[%emt 0:01:25]} 24. Bxd5 {[%emt 0:08:28]} exd5 {[%emt 0:00:05]} 25. N2f3 {[%emt 0:01:12]} Bc5 {[%emt 0:00:47]} 26. Kg2 {[%emt 0:00:13]} Rb8 {[%emt 0:00:29]} 27. e6 {[%emt 0:03:22]} fxe6 {[%emt 0:05:39]} 28. Nxe6 {[%emt 0:00:40]} Qd6 {[%emt 0:04:27]} 29. Qg6 {[%emt 0:00:56]} Qe7 {[%emt 0:00:05]} 30. Rxb8 {[%emt 0:01:25]} Rxb8 {[%emt 0:00:10]} 31. Rxd5 {[%emt 0:00:16]} 1-0

[Event "VI Sunway Sitges Open 2019"]
[Site "Sitges"]
[Date "2019.12.17"]
[Round "5.45"]
[White "Firat, Burak"]
[Black "Bru Rullo, Llatzer"]
[Result "1-0"]
[WhiteElo "2475"]
[BlackElo "2296"]
[Annotator "TA"]
[PlyCount "69"]
[EventDate "2019.12.13"]
[EventType "swiss"]
[EventCountry "ESP"]
[SourceTitle "playchess.com"]
[Source "ChessBase"]
[SourceQuality "1"]

{[%evp 14,69,25,24,31,0,19,0,27,2,20,16,20,19,20,24,39,30,47,16,175,106,178,58,89,88,85,51,128,52,56,17,109,86,105,106,122,122,140,125,128,126,157,128,161,109,166,125,132,50,59,0,154,140,137,131,228,216]} 1. d4 Nf6 2. c4 Nc6 3. Nc3 e5 4. d5 Ne7 5. e4 Ng6 6. Be3 Bb4 7. f3 Bxc3+ 8. bxc3 d6 {A50: Queen's Fianchetto Defence (1 d4 Nf6 2 c4 b6)} 9. Bd3 Nh5 10. g3 b6 $146 {The position is equal.} ({Predecessor:} 10... O-O 11. Qc2 Bd7 12. a4 Ne7 13. Bf2 b6 14. Ne2 a5 15. h4 Ng6 16. Be3 {1-0 (55) Zaichik,G (2505)-Mastrovasilis,A (2315) Panormo 1998}) 11. Ne2 Nf6 12. h4 Ne7 13. h5 $36 {[%mdl 2048] White has the initiative.} h6 14. g4 Nh7 15. Bc2 Ng5 16. Rf1 g6 $2 {[#]} (16... c6 $11) 17. Ng3 (17. f4 $1 $18 {[%cal Rf4g5]} exf4 18. Nxf4 (18. Rxf4 O-O $14)) 17... Ng8 {[#]} (17... gxh5 $16 18. Nxh5 Ng6) 18. Qe2 (18. f4 $1 $18 {[%cal Rf4g5]} exf4 19. Bxf4 (19. Rxf4 Ne7 $16) 19... gxh5 20. gxh5) 18... Nh3 19. hxg6 fxg6 20. Qh2 Ng5 (20... Nf4 $14) 21. O-O-O ({White should try} 21. f4 $16 Nf7 22. f5) 21... Nf7 $1 $14 22. Qe2 g5 (22... Nf6 $11) 23. Ba4+ Kf8 24. Rh1 a6 25. Rh2 Rb8 26. Rdh1 Ne7 27. Qb2 Rb7 28. Rh5 Kg7 29. Qh2 (29. Nf5+ $18 Nxf5 30. gxf5 (30. exf5 Bd7 $16)) 29... Ng8 (29... Ng6 $16) 30. Bc6 Rb8 31. Qb2 (31. Nf5+ $16 Bxf5 32. gxf5 (32. exf5 Ne7 $16)) 31... Ne7 32. Ba4 ({Better is} 32. Nf5+ $1 $14 Bxf5 33. gxf5) 32... Rb7 $1 $16 33. Qd2 {White is clearly better.} b5 34. Bb3 Bd7 (34... Ng6 $16 35. c5 Rb8) 35. c5 {Accuracy: White = 22%, Black = 28%.} 1-0

[Event "VI Sunway Sitges Open 2019"]
[Site "Sitges"]
[Date "2019.12.17"]
[Round "5.46"]
[White "Janik, Igor"]
[Black "Rakshitta Ravi"]
[Result "1-0"]
[WhiteElo "2466"]
[BlackElo "2260"]
[Annotator "ChessBase"]
[PlyCount "79"]
[EventDate "2019.12.13"]
[EventType "swiss"]
[EventCountry "ESP"]
[SourceTitle "playchess.com"]
[Source "ChessBase"]
[SourceQuality "1"]
[TimeControl "40/5400+30:1800+30"]

1. c4 {[%emt 0:00:00]} c5 {[%emt 0:00:00]} 2. Nf3 {[%emt 0:00:09]} Nf6 {[%emt 0:01:31]} 3. g3 {[%emt 0:01:57]} b6 {[%emt 0:00:08]} 4. Bg2 {[%emt 0:00:12]} Bb7 {[%emt 0:00:01]} 5. O-O {[%emt 0:00:30]} e6 {[%emt 0:00:16]} 6. Nc3 {[%emt 0:01:37]} Be7 {[%emt 0:00:08]} 7. d4 {[%emt 0:02:17]} cxd4 {[%emt 0:00:07]} 8. Qxd4 {[%emt 0:00:07]} d6 {[%emt 0:02:20]} 9. Rd1 {[%emt 0:06:42]} a6 {[%emt 0:01:12]} 10. Bg5 {[%emt 0:11:47]} Nbd7 {[%emt 0:01:16]} 11. Qd2 {[%emt 0:01:15]} O-O {[%emt 0:08:37]} 12. Bf4 {[%emt 0:06:01]} Ne8 {[%emt 0:01:21]} 13. Rac1 {[%emt 0:03:02]} Qc7 {[%emt 0:04:01]} 14. b3 {[%emt 0:01:15]} Rd8 {[%emt 0:06:26]} 15. e4 {[%emt 0:06:45]} Qb8 {[%emt 0:02:30]} 16. Qe2 {[%emt 0:01:51]} Nef6 {[%emt 0:07:32]} 17. Nd4 {[%emt 0:00:38]} Rfe8 {[%emt 0:02:26]} 18. Nc2 {[%emt 0:04:44]} Rc8 {[%emt 0:07:42]} 19. g4 {[%emt 0:09:46]} Ne5 {[%emt 0:03:03]} 20. g5 {[%emt 0:03:42]} Nfd7 {[%emt 0:00:37]} 21. Bd2 {[%emt 0:05:51]} Bd8 {[%emt 0:06:06]} 22. f4 {[%emt 0:04:17]} Ng6 {[%emt 0:00:53]} 23. Qg4 {[%emt 0:00:08]} Nc5 {[%emt 0:07:36]} 24. Qg3 {[%emt 0:07:41]} Qa8 {[%emt 0:09:40]} 25. Re1 {[%emt 0:03:46]} e5 {[%emt 0:06:01]} 26. fxe5 {[%emt 0:01:04]} dxe5 {[%emt 0:00:59]} 27. Nd5 {[%emt 0:00:11]} Ne6 {[%emt 0:03:22]} 28. h4 {[%emt 0:01:00]} b5 {[%emt 0:01:30]} 29. Nce3 {[%emt 0:01:39]} Nd4 {[%emt 0:03:08]} 30. Ng4 {[%emt 0:03:55]} Bxd5 {[%emt 0:00:45]} 31. exd5 {[%emt 0:00:41]} Nf5 {[%emt 0:00:53]} 32. Qf2 {[%emt 0:00:16]} Nfxh4 {[%emt 0:02:54]} 33. Be4 {[%emt 0:02:15]} Qb7 {[%emt 0:01:22]} 34. c5 {[%emt 0:00:02]} Qd7 {[%emt 0:00:12]} 35. Qg3 {[%emt 0:01:06]} a5 {[%emt 0:01:31]} 36. Be3 {[%emt 0:01:17]} Bc7 {[%emt 0:01:49]} 37. Qh3 {[%emt 0:01:49]} Qd8 {[%emt 0:01:07]} 38. d6 {[%emt 0:02:44]} Bxd6 {[%emt 0:00:27]} 39. Red1 {[%emt 0:00:41]} Bxc5 {[%emt 0:00:54]} 40. Rxd8 {[%emt 0:01:25]} 1-0

[Event "VI Sunway Sitges Open 2019"]
[Site "Sitges"]
[Date "2019.12.17"]
[Round "5.47"]
[White "Risting, Eivind Olav"]
[Black "Kobo, Ori"]
[Result "1/2-1/2"]
[WhiteElo "2307"]
[BlackElo "2457"]
[Annotator "ChessBase"]
[PlyCount "90"]
[EventDate "2019.12.13"]
[EventType "swiss"]
[EventCountry "ESP"]
[SourceTitle "playchess.com"]
[Source "ChessBase"]
[SourceQuality "1"]
[TimeControl "40/5400+30:1800+30"]

1. d4 {[%emt 0:00:00]} Nf6 {[%emt 0:00:00]} 2. c4 {[%emt 0:00:00]} e6 {[%emt 0:00:00]} 3. Nf3 {[%emt 0:00:28]} d5 {[%emt 0:00:13]} 4. Nc3 {[%emt 0:01:04]} Be7 {[%emt 0:00:08]} 5. Bf4 {[%emt 0:00:58]} O-O {[%emt 0:00:15]} 6. e3 {[%emt 0:00:55]} Nbd7 {[%emt 0:00:22]} 7. Be2 {[%emt 0:01:44]} dxc4 {[%emt 0:01:34]} 8. O-O {[%emt 0:00:18]} c5 {[%emt 0:03:19]} 9. dxc5 {[%emt 0:11:20]} Nxc5 {[%emt 0:00:28]} 10. Bxc4 {[%emt 0:00:25]} a6 {[%emt 0:02:15]} 11. Ne5 {[%emt 0:09:58]} Ncd7 {[%emt 0:17:29]} 12. Be2 {[%emt 0:18:14]} Nxe5 {[%emt 0:20:46]} 13. Bxe5 {[%emt 0:01:09]} Qa5 {[%emt 0:05:44]} 14. Bg3 {[%emt 0:02:48]} Bd7 {[%emt 0:03:49]} 15. Bf3 {[%emt 0:05:16]} Rad8 {[%emt 0:00:29]} 16. Qb3 {[%emt 0:02:34]} b5 {[%emt 0:01:46]} 17. a3 {[%emt 0:01:40]} Rc8 {[%emt 0:02:20]} 18. Rfd1 {[%emt 0:01:53]} Bc6 {[%emt 0:00:46]} 19. Bxc6 {[%emt 0:10:01]} Rxc6 {[%emt 0:00:24]} 20. Rd4 {[%emt 0:03:05]} b4 {[%emt 0:10:40]} 21. Ne2 {[%emt 0:02:12]} Rfc8 {[%emt 0:05:04]} 22. Rdd1 {[%emt 0:05:26]} bxa3 {[%emt 0:00:29]} 23. bxa3 {[%emt 0:00:14]} Bf8 {[%emt 0:06:40]} 24. Qd3 {[%emt 0:07:48]} Nd5 {[%emt 0:02:59]} 25. Be5 {[%emt 0:01:32]} Rc4 {[%emt 0:02:48]} 26. h3 {[%emt 0:01:39]} h6 {[%emt 0:01:24]} 27. Bd4 {[%emt 0:01:14]} Qa4 {[%emt 0:02:10]} 28. Ng3 {[%emt 0:02:59]} Nc3 {[%emt 0:02:58]} 29. Rd2 {[%emt 0:03:43]} Nb5 {[%emt 0:03:00]} 30. Ne2 {[%emt 0:00:16]} Rc2 {[%emt 0:01:45]} 31. Rxc2 {[%emt 0:01:14]} Rxc2 {[%emt 0:00:47]} 32. Qd1 {[%emt 0:01:28]} Rc4 {[%emt 0:01:59]} 33. Qxa4 {[%emt 0:00:49]} Rxa4 {[%emt 0:00:02]} 34. Bb2 {[%emt 0:00:29]} Kh7 {[%emt 0:01:29]} 35. Kf1 {[%emt 0:00:08]} g5 {[%emt 0:00:17]} 36. Nd4 {[%emt 0:01:14]} Nd6 {[%emt 0:00:31]} 37. Ke2 {[%emt 0:00:32]} Bg7 {[%emt 0:00:35]} 38. Ra2 {[%emt 0:01:12]} Nc4 {[%emt 0:00:29]} 39. Bc1 {[%emt 0:00:26]} Kg6 {[%emt 0:00:41]} 40. Nc2 {[%emt 0:00:00]} Nd6 {[%emt 0:00:00]} 41. Nb4 {[%emt 0:06:55]} a5 {[%emt 0:04:34]} 42. Nd3 {[%emt 0:01:29]} Rc4 {[%emt 0:02:14]} 43. Bd2 {[%emt 0:02:43]} a4 {[%emt 0:00:21]} 44. Kd1 {[%emt 0:02:49]} Nb5 {[%emt 0:02:47]} 45. Bb4 {[%emt 0:00:34]} Nc3+ {[%emt 0:09:58]} 1/2-1/2